1983 NHL All-Stars - Statistics

General Stats
  • This quiz has been taken 3 times
  • The average score is 9 of 40
Answer Stats
Position/Conference Answer Team % Correct
Wales Right Winger Mike Bossy New York Islanders
100%
Wales Goaltender Pete Peeters Boston Bruins
100%
Wales Centre Bryan Trottier New York Islanders
67%
Campbell Left Winger Jari Kurri Edmonton Oilers
67%
Campbell Right Winger Lanny McDonald Calgary Flames
67%
Campbell Left Winger Mark Messier Edmonton Oilers
67%
Wales Centre Ron Francis Hartford Whalers
67%
Campbell Centre Wayne Gretzky Edmonton Oilers
67%
Wales Centre Darryl Sittler Philadelphia Flyers
33%
Campbell Right Winger Dino Ciccarelli Minnesota North Stars
33%
Campbell Centre Marcel Dionne Los Angeles Kings
33%
Wales Right Winger Michel Goulet Quebec Nordiques
33%
Campbell Centre Neal Broten Minnesota North Stars
33%
Campbell Defenceman Paul Coffey Edmonton Oilers
33%
Wales Defenceman Ray Bourque Boston Bruins
33%
Wales Defenceman Rod Langway Washington Capitals
33%
Campbell Left Winger Al Secord Chicago Black Hawks
0%
Wales Centre Barry Pederson Boston Bruins
0%
Campbell Defenceman Bob Murray Chicago Black Hawks
0%
Campbell Left Winger Brian Sutter St. Louis Blues
0%
Campbell Defenceman Craig Hartsburg Minnesota North Stars
0%
Campbell Defenceman Dave Babych Winnipeg Jets
0%
Wales Defenceman Dave Langevin New York Islanders
0%
Wales Defenceman Denis Potvin New York Islanders
0%
Campbell Centre Denis Savard Chicago Black Hawks
0%
Wales Left Winger Don Maloney New York Rangers
0%
Campbell Defenceman Doug Wilson Chicago Black Hawks
0%
Wales Right Winger Hector Marini New Jersey Devils
0%
Campbell Goaltender John Garrett Vancouver Canucks
0%
Wales Right Winger Marian Stastny Quebec Nordiques
0%
Wales Defenceman Mark Howe Philadelphia Flyers
0%
Wales Defenceman Mike Ramsey Buffalo Sabres
0%
Campbell Goaltender Murray Bannerman Chicago Black Hawks
0%
Wales Goaltender Pelle Lindbergh Philadelphia Flyers
0%
Wales Centre Peter Stastny Quebec Nordiques
0%
Wales Right Winger Rick Kehoe Pittsburgh Penguins
0%
Campbell Right Winger Rick Vaive Toronto Maple Leafs
0%
Wales Centre Ryan Walter Montreal Canadiens
0%
Campbell Left Winger Tom McCarthy Minnesota North Stars
0%
Campbell Defenceman Willie Huber Detroit Red Wings
0%
No matching quizzes found
Score Distribution
Percent of People with Each Score
Percentile by Number Answered
Your Score History
You have not taken this quiz